<?xml version="1.0" encoding="UTF-8"?>
<record
    xmlns:xsi="http://www.w3.org/2001/XMLSchema-instance"
    xsi:schemaLocation="http://www.loc.gov/MARC21/slim http://www.loc.gov/standards/marcxml/schema/MARC21slim.xsd"
    xmlns="http://www.loc.gov/MARC21/slim">

  <leader>00815cam a2200205 a 4500</leader>
  <controlfield tag="005">20120109140954.0</controlfield>
  <datafield tag="020" ind1=" " ind2=" ">
    <subfield code="a">9788189020446</subfield>
    <subfield code="c">145.00</subfield>
  </datafield>
  <datafield tag="037" ind1=" " ind2=" ">
    <subfield code="b">PUB</subfield>
  </datafield>
  <datafield tag="100" ind1=" " ind2=" ">
    <subfield code="a">Dharmarajan, Geeta </subfield>
    <subfield code="9">38644</subfield>
  </datafield>
  <datafield tag="245" ind1=" " ind2=" ">
    <subfield code="a">Earthsong /</subfield>
    <subfield code="c">by Geeta Dharmarajan; art by Enrique Lara &amp; Luis Garcia</subfield>
  </datafield>
  <datafield tag="260" ind1=" " ind2=" ">
    <subfield code="a">New Delhi </subfield>
    <subfield code="b">Katha</subfield>
    <subfield code="c">2011</subfield>
  </datafield>
  <datafield tag="270" ind1=" " ind2=" ">
    <subfield code="a">A3 Sarvodaya Enclave Sri  Aurobindo  Marg,</subfield>
    <subfield code="b">New Delhi</subfield>
    <subfield code="e">110017</subfield>
    <subfield code="k">26524350</subfield>
    <subfield code="l">26514373</subfield>
    <subfield code="m">kathavilasam@katha.org</subfield>
  </datafield>
  <datafield tag="300" ind1=" " ind2=" ">
    <subfield code="a">unpages </subfield>
    <subfield code="c">24cm(pbk)</subfield>
    <subfield code="b">ill. </subfield>
  </datafield>
  <datafield tag="650" ind1=" " ind2=" ">
    <subfield code="a">Short stories, Indic</subfield>
    <subfield code="x">Translations into English.</subfield>
    <subfield code="9">38645</subfield>
  </datafield>
  <datafield tag="650" ind1=" " ind2=" ">
    <subfield code="a">Indic fiction</subfield>
    <subfield code="y">20th century</subfield>
    <subfield code="x">Translations into English.</subfield>
    <subfield code="9">38646</subfield>
  </datafield>
  <datafield tag="700" ind1=" " ind2=" ">
    <subfield code="a"> Lara, Enrique</subfield>
    <subfield code="9">38647</subfield>
  </datafield>
  <datafield tag="700" ind1=" " ind2=" ">
    <subfield code="a">Garcia, Luis</subfield>
    <subfield code="9">38648</subfield>
  </datafield>
  <datafield tag="942" ind1=" " ind2=" ">
    <subfield code="2">ddc</subfield>
    <subfield code="c">CH</subfield>
    <subfield code="m">DHA</subfield>
  </datafield>
  <datafield tag="999" ind1=" " ind2=" ">
    <subfield code="c">60515</subfield>
    <subfield code="d">60515</subfield>
  </datafield>
  <datafield tag="952" ind1=" " ind2=" ">
    <subfield code="0">0</subfield>
    <subfield code="1">0</subfield>
    <subfield code="4">0</subfield>
    <subfield code="7">-1</subfield>
    <subfield code="a">AG</subfield>
    <subfield code="b">AG</subfield>
    <subfield code="d">2012-01-09</subfield>
    <subfield code="g">145.00</subfield>
    <subfield code="l">0</subfield>
    <subfield code="o">DHA</subfield>
    <subfield code="r">2012-01-09 00:00:00</subfield>
    <subfield code="v">145.00</subfield>
    <subfield code="w">2012-01-09</subfield>
    <subfield code="y">CH</subfield>
  </datafield>
</record>
